Anthony Joshua - Pro Boxing Opponents - Statistics

General Stats
  • This quiz has been taken 59 times
    16 since last reset
  • The average score is 15 of 33
Answer Stats
Date W/L/D Opponent % Correct
19/12/25 WIN - KO - R6 Jake Paul
100%
20/08/22 LOSS - S/DEC - R12 [WC] Oleksandr Usyk
100%
25/09/21 LOSS - U/DEC - R12 [WC] Oleksandr Usyk
100%
21/09/24 LOSS - KO - R5 [WC] Daniel Dubois
93%
07/12/19 WIN - U/DEC - R12 [WC] Andy Ruiz Jr.
87%
01/06/19 LOSS - TKO - R7 [WC] Andy Ruiz Jr.
87%
12/12/15 WIN - KO - R7 [C] Dillian Whyte
73%
08/03/24 WIN - KO - R2 Francis Ngannou
73%
29/04/17 WIN - TKO - R11 [WC] Wladimir Klitschko
73%
22/09/18 WIN - TKO - R7 [WC] Alexander Povetkin
67%
31/03/18 WIN - U/DEC - R12 [WC] Joseph Parker
67%
09/04/16 WIN - KO - R2 [WC] Charles Martin
60%
12/12/20 WIN - KO - R9 [WC] Kubrat Pulev
60%
23/12/23 WIN - RTD - R5 Otto Wallin
53%
28/10/17 WIN - TKO - R10 [WC] Carlos Takam
47%
01/04/23 WIN - U/DEC - R12 Jermaine Franklin
47%
30/05/15 WIN - TKO - R2 [C] Kevin Johnson
40%
12/08/23 WIN - KO - R7 Robert Helenius
40%
12/09/15 WIN - TKO - R1 [C] Gary Cornish
27%
15/06/16 WIN - TKO - R7 [WC] Dominic Breazeale
20%
10/12/16 WIN - TKO - R3 [WC] Eric Molina
20%
12/07/14 WIN - TKO - R2 Matt Skelton
20%
31/05/14 WIN - TKO - R1 Matt Legg
13%
22/11/14 WIN - TKO - R1 Michael Sprott
13%
26/10/13 WIN - TKO - R2 Paul Butlin
13%
09/05/15 WIN - TKO - R2 Raphael Zumbano
13%
11/10/14 WIN - TKO - R2 [C] Denis Bakhtov
7%
01/02/14 WIN - TKO - R2 Dorian Darch
7%
05/10/13 WIN - TKO - R1 Emanuele Leo
7%
01/04/14 WIN - TKO - R1 Hector Alfredo Avila
7%
14/11/13 WIN - TKO - R2 Hrvoje Kisicek
7%
04/04/15 WIN - TKO - R3 Jason Gavern
7%
13/09/14 WIN - TKO - R3 Konstantin Airich
7%
No matching quizzes found
Score Distribution
Percent of People with Each Score
Percentile by Number Answered
Your Score History
You have not taken this quiz since the last reset